000 01043nam0a22002891 4500
001 RU\INFOCOMM_322\NLR\5000276714
005 20260407110530.0
035 _a(NLR Aleph) 010622812
090 _a10608577
_c10608577
100 _a20130328d1992 |||y0rusy50 ca
101 0 _aeng
102 _aRU
105 _ay z||||
200 1 _aLaw of the Russian Soviet Federative Socialist Republic on the privatization of state-owned and municipal enterprises in the RSFSR
210 _a[M.]
_d1992
215 _a96 с.
_d21 см
300 _aЗагл. обл.: The law and basic documents on privatization in Russia (in English translation)
500 1 0 _6z01710
_aLaws and statutes
512 1 _aˆThe ‰law and basic documents on privatization in Russia (in English translation)
620 _aМосква
686 _aХ623.1-39(2Р)
_2rubbk
710 0 1 _4070
_8ger
_aRSFSR
_7ba
_3RU\NLR\AUTH\8810062373
_9626248
801 1 _aRU
_bInfocomm
_c20130328
801 0 _aRU
_bINFOCOMM
_gPSBO
852 _aNLR
_jП61 Д-4/81
942 _cBOOK
980 _aNB